000 00720cam a2200229 4500
008 090401t1995 xxu||||| |||| 00| 0 eng d
020 _a0854067108
035 _a(Sirsi) u62663
041 _aeng
050 _a338.181
_c18
090 _aRICS 1995/99ABCD
100 _aEdwards, John
245 _aMilk quotas explained
260 _aLondon
_bRICS
_c1995
300 _a76p.
_c21cm.
350 _a20.95
520 _aAn readable guide to the milk quota system, its origins and how it works. Includes advice on altering and adjusting quotas, and on claims for compensation on termination of a tenancy.
650 _aMILK QUOTAS
690 _aRURAL-FARM BUSINESS MANAGEMENT
942 _n0
948 _c04/03/1997
999 _c94465
_d94465